Countries of the world by picture - Statistics

General Stats
  • This quiz has been taken 87 times
  • The average score is 61 of 196
Answer Stats
Picture Hint Answer % Correct
Europe Italy
94%
Africa Egypt
74%
Asia Japan
69%
North America Canada
54%
Europe Germany
51%
Europe Iceland
51%
Africa Madagascar
49%
North America Mexico
49%
Asia Bhutan
46%
North America Cuba
46%
Europe Greece
46%
Asia Nepal
46%
Europe Netherlands
46%
Europe Slovakia
46%
Asia Turkey
46%
Oceania Australia
43%
South America Chile
43%
South America Ecuador
43%
Asia Jordan
43%
South America Peru
43%
Asia South Korea
43%
Europe Vatican City
43%
South America Venezuela
43%
North America Bahamas
40%
South America Bolivia
40%
South America Brazil
40%
Europe Finland
40%
Europe France
40%
Europe Monaco
40%
Europe/Asia Russia
40%
North America Saint Vincent and the Grenadines
40%
Oceania Samoa
40%
Asia Singapore
40%
South America Suriname
40%
Europe Switzerland
40%
Africa Tanzania
40%
North America United States
40%
South America Uruguay
40%
Asia Armenia
37%
Europe Austria
37%
Asia China
37%
South America Colombia
37%
North America Costa Rica
37%
Europe Croatia
37%
Europe Czech Republic
37%
North America Dominica
37%
Europe Estonia
37%
North America Guatemala
37%
Africa Guinea
37%
Europe Ireland
37%
Europe Malta
37%
Asia Mongolia
37%
South America Paraguay
37%
Europe San Marino
37%
Asia Syria
37%
South America Argentina
34%
Asia Bahrain
34%
Asia India
34%
Africa Libya
34%
Oceania New Zealand
34%
Europe Norway
34%
Oceania Palau
34%
Asia Qatar
34%
Europe Romania
34%
Asia Saudi Arabia
34%
Asia Thailand
34%
Asia United Arab Emirates
34%
Africa Zimbabwe
34%
Europe Andorra
31%
Europe Bosnia and Herzegovina
31%
Africa Botswana
31%
North America Dominican Republic
31%
Oceania Fiji
31%
South America Guyana
31%
Asia Indonesia
31%
Europe Kosovo
31%
Asia Kuwait
31%
Asia Laos
31%
Europe Latvia
31%
Asia Lebanon
31%
Europe Luxembourg
31%
Africa Mali
31%
Oceania Marshall Islands
31%
Asia Myanmar
31%
Oceania Nauru
31%
Asia Oman
31%
Asia Philippines
31%
North America Saint Lucia
31%
Africa Seychelles
31%
Europe Slovenia
31%
Africa South Africa
31%
Asia Taiwan
31%
Europe United Kingdom
31%
Asia Uzbekistan
31%
Asia Vietnam
31%
Asia Afghanistan
29%
North America Antigua and Barbuda
29%
North America Barbados
29%
Africa Cape Verde
29%
Oceania Federated States of Micronesia
29%
Africa Gambia
29%
North America Haiti
29%
Asia Iran
29%
Asia Israel
29%
Africa Ivory Coast
29%
Asia Kazakhstan
29%
Oceania Kiribati
29%
Europe Liechtenstein
29%
Asia Malaysia
29%
Africa Mauritius
29%
Europe Montenegro
29%
North America Nicaragua
29%
Asia Pakistan
29%
North America Panama
29%
Europe Spain
29%
Asia Sri Lanka
29%
Europe Sweden
29%
Oceania Vanuatu
29%
Africa Algeria
26%
Asia Azerbaijan
26%
Asia Bangladesh
26%
Europe Bulgaria
26%
Africa Chad
26%
Asia Cyprus
26%
Europe Denmark
26%
Africa Djibouti
26%
Africa Eswatini
26%
Africa Gabon
26%
Asia Georgia
26%
Europe Hungary
26%
North America Jamaica
26%
Africa Kenya
26%
Africa Namibia
26%
Asia North Korea
26%
Europe North Macedonia
26%
Asia Papua New Guinea
26%
Africa Rwanda
26%
North America Saint Kitts and Nevis
26%
Oceania Solomon Islands
26%
Africa Somalia
26%
Africa Sudan
26%
North America Trinidad and Tobago
26%
Asia Turkmenistan
26%
Europe Ukraine
26%
Asia Yemen
26%
Africa Zambia
26%
Europe Albania
23%
Africa Angola
23%
Europe Belgium
23%
North America Belize
23%
Asia Brunei
23%
Asia Cambodia
23%
Africa Central African Republic
23%
North America El Salvador
23%
North America Grenada
23%
North America Honduras
23%
Asia Kyrgyzstan
23%
Africa Liberia
23%
Europe Lithuania
23%
Africa Morocco
23%
Europe Portugal
23%
Africa Republic of the Congo
23%
Europe Serbia
23%
Africe Sierra Leone
23%
Africa South Sudan
23%
Oceania Tonga
23%
Oceania Tuvalu
23%
Europe Belarus
20%
Africa Burundi
20%
Africa Comoros
20%
Asia East Timor
20%
Africa Equatorial Guinea
20%
Africa Eritrea
20%
Africa Ghana
20%
Asia Iraq
20%
Africa Lesotho
20%
Africa Malawi
20%
Europe Moldova
20%
Africa Niger
20%
Europe Poland
20%
Africa Tunisia
20%
Africa Benin
17%
Africa Burkina Faso
17%
Africa Cameroon
17%
Africa Democratic Republic of the Congo
17%
Africa Ethiopia
17%
Africa Guinea-Bissau
17%
Oceania Maldives
17%
Africa Mauritania
17%
Africa Mozambique
17%
Africa Nigeria
17%
Oceania Sao Tome and Principe
17%
Africa Senegal
17%
Africa Togo
17%
Africa Uganda
17%
Asia Taijkistan
11%
No matching quizzes found
Score Distribution
Percent of People with Each Score
Percentile by Number Answered
Your Score History
You have not taken this quiz